000 01263nam a2200349 4500
001 0000018852
003 CO-CtgCURN
005 20250331185229.0
007 ta
008 160627s2007 000 0 eng d
020 _a9789500615835
040 _aCO-CtgCURN
_bspa
_ccoctgcurn
082 0 _a617.695
_bM124m
100 1 _aMacchi, Ricardo Luis.
245 1 0 _aMateriales dentales /
_cRicardo Luis Macchi.
250 _a3a ed.
260 _aBuenos Aires :
_bEditorial Medica Panamericana,
_c2007.
300 _ax, 373 p.
336 _2rdacontent
337 _2rdamedia
_asin mediacion
_bn
338 _2rdacarrier
_avolumen
_bnc
500 _aIncluye bibliografia e indice.
505 8 _aFundamentos.--Restauraciones plasticas.--Impresiones y modelos.--Incrustaciones coronas y puentes.--Otras aplicaciones
650 1 4 _aMateriales dentales.
908 _a160627
942 _cBK
_h617.695
_iM124m
_2ddc
999 _c23481
_d23481